000 nam a22 7a 4500
999 _c54280
_d54280
005 20200708071707.0
008 200708b xxu||||| |||| 00| 0 eng d
040 _aANE
041 _aEs
100 _aPèrez Màrquez,Raquel
245 _aTesis Reforma constitucional en Nicaragua (1987-2011)
300 _a379 p.
856 _uhttp://documentacion.asambleanacional.gob.ec/alfresco/d/d/workspace/SpacesStore/389656fe-e208-4664-8e34-bce4e0a27035/Tesis%20Reforma%20constitucional%20en%20Nicaragua%20(1987-2011).pdf
942 _2ddc
_cBV
_zNr.